000
00325nam a2200133Ia 4500
008
240624s9999 xx 000 0 und d
041
_a
eng
082
_a
823 LYN
100
_a
HACKER JAMES
245
_a
COMPLETE YES PRIME MINISTER
260
_c
2002
_a
New Delhi
_b
Penguin Books
300
_a
488 : p. : cm. ; 20
365
_c
RS
999
_c
3578
_d
3578